MARC детайли
| 000 -Лидер |
| Контролно поле с фиксирана дължина |
02813nam a2200493 c 4500 |
| 003 - Код на организацията, давaща контролен номер |
| Контролно поле |
BLK |
| 005 - Дата и час на последна редакция |
| Контролно поле |
20250306161634.0 |
| 008 - Елементи от данни с фиксирана дължина |
| fixed length control field |
180408b bul|||||r ||||||| ||bul|| |
| 010 ## - Наследен системен номер |
| LC control number |
KNG00044756000 |
| 020 ## - Международен стандартен номер на книга ISBN |
| Международен стандартен номер на книга ISBN |
978-954-28-0631-8 |
| -- |
издат.: Сиела Норма - (подв.) |
| 040 ## - Източник на каталожния запис |
| Идентификатор на билиотеката - собственик на записа |
BLK |
| 041 ## - Код за език |
| Код за езика на текст/звукозапис или на отделно заглавие |
Български |
| Код за езика КДБФ |
Български |
| 072 #7 - Код за тематичната категория |
| Код организация |
bullib |
| Код за тематична категория |
Н33 |
| Текст |
Икономика Н |
| 080 ## - УДК |
| Текстов определител УДК |
Туризмът от стопанско гледище. Политика по отношение на туризма. Икономика и организация на туризма. Вътрешен и международен туризъм. Вж и 379.8 |
| УДК код - определител по УДК |
338.48 |
| УДК определител |
-6:7/8(262.5:210:497.2) |
| УДК - код + определител |
338.48-6:7/8(262.5:210:497.2) |
| 080 ## - УДК |
| Текстов определител УДК |
География на България |
| УДК код - определител по УДК |
913(497.2) |
| УДК определител |
(262.5:210:497.2)(036) |
| УДК - код + определител |
913(497.2)(262.5:210:497.2)(036) |
| 080 ## - УДК |
| Текстов определител УДК |
Забавно пътуване. Туризъм - пътуване пеша, с кола, колело, автобус, влак, параход, самолет, изкачване на планина, ездене и др. п. |
| УДК код - определител по УДК |
379.85 |
| УДК определител |
(262.5:210:497.2)(036) |
| УДК - код + определител |
379.85(262.5:210:497.2)(036) |
| 100 1# - Редна дума - Автор |
| Автор |
Динев, Йордан |
| Авторска отговорност |
първи автор |
| R(LIN) |
277577 |
| 139 ## - Редно поле |
| Редна дума |
Динев, Йордан |
| Авторски знак |
Дин - Д 62 |
| 245 10 - Сведения за заглавието |
| Заглавие |
Маршрути на културния туризъм |
| Подзаглавни данни |
Южно бълг. Черноморие |
| Редно поле (дума) |
Йордан Динев; науч. ред. Стоян Чилов Райчевски; фотогр. Виктор Налбантов. |
| 257 ## - Страна на издаване |
| Страна на създаване/издаване |
България |
| 260 ## - Област на издателските данни |
| -- |
София |
| Име на издателя, разпространителя и проч. |
Сиела Норма |
| Година на издаване |
2010 |
| 300 ## - Физическа характеристика |
| Страници |
224 с. |
| Илюстрации и др. |
с ил. |
| Размери/Мащаб |
24 см |
| 380 ## - Жанр |
| Жанр |
Обществени науки |
| 500 ## - Общи забележки |
| Забележка |
Съдържа и за авт. |
| 650 #4 - Допълнително описание по предмет – тема |
| Основно описание – тема или топоним |
Черноморие, българско |
| 9 (RLIN) |
277579 |
| 650 #4 - Допълнително описание по предмет – тема |
| Основно описание – тема или топоним |
България - пътеводители |
| 9 (RLIN) |
272126 |
| 650 #4 - Допълнително описание по предмет – тема |
| Основно описание – тема или топоним |
Туристически маршрути - България |
| 9 (RLIN) |
264994 |
| 650 #4 - Допълнително описание по предмет – тема |
| Основно описание – тема или топоним |
Туристически обекти - България - пътеводители |
| 9 (RLIN) |
265567 |
| 650 #4 - Допълнително описание по предмет – тема |
| Основно описание – тема или топоним |
Туризъм, културен |
| 9 (RLIN) |
277580 |
| 651 #4 - Допълнително описание по предмет - топоним |
| Географско понятие |
Черноморие |
| 9 (RLIN) |
260379 |
| 651 #4 - Допълнително описание по предмет - топоним |
| Географско понятие |
България |
| 9 (RLIN) |
241624 |
| 653 ## - Ключова дума – ненормативна |
| Ключова дума |
Черноморска зона |
| 653 ## - Ключова дума – ненормативна |
| Ключова дума |
културен туризъм |
| 653 ## - Ключова дума – ненормативна |
| Ключова дума |
туристически маршрути |
| 659 ## - Тематичен бюлетин |
| Тематичен бюлетин |
Н |
| 700 ## - Други автори (авторска отговорност) |
| Лично име |
Райчевски, Стоян Чилов |
| Дати, свързани с автора |
1944 - |
| Друга информация |
Филолог, немска и българска филология. Историк. |
| 9 (RLIN) |
246266 |
| 700 1# - Други автори (авторска отговорност) |
| Лично име |
Налбантов, Виктор |
| Автороска отговорност (Описва отношението между автора и произведението) |
фотогр. |
| 9 (RLIN) |
277578 |
| 852 ## - Местоположение |
| Форматна сигнатура |
Цб 254096 |
| 856 4# - Електронен адрес и достъп |
| Електронен формат |
pdf - файл |
| Път до файла /url/ |
|
| 856 4# - Електронен адрес и достъп |
| Електронен формат |
pdf - файл |
| Път до файла /url/ |
|
| 942 ## - АРТИКУЛИ |
| Вид на библиотечния материал |
Книги |
| Скрит в OPAC |
Не |
| Koha issues (borrowed), all copies |
2 |
| 944 ## - СЪЗДАВАНЕ И РЕДАКЦИЯ на ЗАПИСА |
| Създаване/Редакция |
Създаване |
| Дата на регистрацията/редакция |
20.12.2011 |
| Статус, дата на статуса |
Цветелина Шанова |
| Служител, извършил регистрацията/редакцията |
30531 |
| 944 ## - СЪЗДАВАНЕ И РЕДАКЦИЯ на ЗАПИСА |
| Създаване/Редакция |
Редакция |
| Дата на регистрацията/редакция |
06.07.2015 |
| Статус, дата на статуса |
ф / |
| Служител, извършил регистрацията/редакцията |
Людмила_Стоянова |
| 999 ## - СИСТЕМНИ КОНТРОЛНИ НОМЕРА |
| Koha biblionumber |
41215 |
| Koha biblioitemnumber |
41215 |